Statistiche per Riconosci la Divinità greca dal ruolo - Quiz n°1

Clicka qui per fare il quiz!

Statistiche generali

  • Questo quiz è stato fatto 87 volte
  • Il punteggio medio è 7 su 12

Statistiche sulle risposte

HintRisposta% Corretto
Dio del fuoco, dei fabbri, della metallurgia, della tecnologia, delle armi appena forgiate, delle fucine, della scultura e dell'ingegneriaEfesto
96%
Dio dei ventiEolo
85%
Dio degli Inferi, dei morti, delle ricchezze della terra (solamente presso i Romani) e delle ombreAde
82%
Dea della caccia, della natura selvaggia, della luna crescente, dei bambini, delle ragazze verginiArtemide
82%
Dea della terra, del grano, delle piante e della fertilitàDemetra
73%
Dea del focolare domesticoEstia
58%
Dea della notteNyx
58%
Dee del destinoMoire
56%
Dea della fortuna e del casoTiche
33%
Dee dell'ordine moraleErinni
22%
Dea delle partorientiIlizia
22%
Dea dell'abbondanzaRea
20%

Distribuzione punteggi

Percentile per numero di risposta

Percentuale di utenti per punteggio

I tuoi punteggi nel tempo

Non hai fatto questo quiz